|
|
|
|
| LEADER |
00777nam a2200205 a 4500 |
| 001 |
6988534 |
| 008 |
100124s1956 nyua 001 0 eng d |
| 010 |
|
|
|a 55011924
|
| 040 |
|
|
|a DLC
|c CarP
|d DLC
|d DB-DhAAL
|
| 082 |
0 |
0 |
|a 308.2
|
| 245 |
1 |
2 |
|a A preface to the social sciences /
|c Raymond F. Bellamy ... [et al.]
|
| 260 |
|
|
|a New York ;
|b McGraw-Hill,
|c 1956.
|
| 300 |
|
|
|a vii, 532 p. :
|b illus. ;
|c 24 cm.
|
| 504 |
|
|
|a Includes bibliographical references and index.
|
| 541 |
1 |
|
|e 00009647
|
| 650 |
|
0 |
|a Social sciences
|v Textbooks.
|
| 100 |
1 |
|
|a Bellamy, Raymond F.
|
| 852 |
4 |
|
|a Ayesha Abed Library
|j General Shelf.
|
| 999 |
|
|
|c 7136
|d 7136
|
| 952 |
|
|
|0 0
|1 0
|2 ddc
|4 0
|6 308_200000000000000_PRE_1956
|7 0
|9 7412
|a BRACUL
|b BRACUL
|c GEN
|d 2010-01-24
|l 0
|o 308.2 PRE
|p 3010009647
|r 2010-01-24
|t 1
|w 2010-01-24
|y BK
|